Responses for Show #6925 - Friday, October 24, 2014

Contestants

[<< previous game]

Sam Heft-Luthy, a college student from Seattle, Washington

Amy Thon, a museum development assistant from Tempe, Arizona

Matthew LaMagna, a digital consultant from Arlington, Virginia (whose 1-day cash winnings total $17,800)

[next game >>]

Jeopardy! Round responses

1809
ADJECTIVES
COLLEGE TEAM NAMES
THE BIG BLANK THEORY
STRIKE A (YOGA) POSE
VOGUE
(Alex: And finally, a whole category about [*] magazine.)
    $200 21
Meriwether Lewis

Amy!
    $200 16
premeditated

Amy!
    $200 1
the Razorbacks

Matthew
    $200 6
Ben

Amy!
    $200 26
lotus

Amy!
    $200 7
Madonna

Matthew
    $400 22
Sweden

Matthew
    $400 17
beer

Amy!
    $400 2
the Nittany Lions

Matthew
    $400 8
Dipper

Matthew
    $400 27
dog

Matthew
    $400 12
The Devil Wears Prada

Matthew
    $600 23
Napoleon

Triple Stumper
    $600 18
hallowed

Matthew
    $600 3
the Red Raiders

Matthew
    $600 9
Sleep

Sam
    $600 28
the corpse pose

Sam
    $600 13
September

Amy!
    $3,000 24
a patent

Matthew
    $800 19
(Sam: What is Vaudevillian?)
(Amy: What is slapstick?)
...
(Alex: The performer is Charlie Chaplin, so the word we were going for was [*].)

chaplinesque

Amy!Sam
Triple Stumper
    $800 4
the Gamecocks

Matthew
    $800 10
Bertha

Matthew
    $800 29
(Matthew: What is the sciatic nerve?)
(Alex: Sciatic nerve or... nope.)
...
(Alex: You misunderstood a little bit of the clue. We were going "this disorder of the longest nerve", so [*] is what we were going for.)

sciatica

Matthew
Triple Stumper
    $800 14
Kim Kardashian & Kanye West

Matthew
    $1000 25
(Sam: Who is Monroe?)

John Quincy Adams

Amy!Sam
    $1000 20
bicameral

Matthew
    $1000 5
(Alex: You know your college team names. Well done!)
[Applause for Matthew's running the category]

the Commodores

Matthew
    $1000 11
Lie

Sam
    $1000 30
the Sun Salutation

Sam
    $1000 15
Anna Wintour

Matthew

Scores at the first commercial break (after clue 15):

Matthew Amy! Sam
$6,600 $800 $1,600

Scores at the end of the Jeopardy! Round:

Matthew Amy! Sam
$11,200 $2,000 $1,400

Double Jeopardy! Round responses

GEOGRAPHUN
WORLD LITERATURE
AFRICAN-AMERICAN FIRSTS
CHARACTERS BASED ON REAL PEOPLE
LIBRARIES
FINISH THE C.P. ABBREV.
(Alex: I'll give you an example. It can save your life. The correct response would be, "what is resuscitation?" Cardiopulmonary resuscitation.)
    $400 11
Baltic Sea

Amy!
    $400 16
The Odyssey

Matthew
    $400 30
Pearl Harbor

Amy!
    $400 21
Seinfeld

Amy!
    $400 1
Antony

Sam
    $400 6
(Alex: Yes, CPA.)

accountant

Matthew
    $1,200 12
the United Arab Emirates

Amy!
    $800 17
Tehran

Amy!
    $800 29
B.E.T.

Sam
    $800 22
The West Wing

Sam
    $800 2
Howard University

Matthew
    $800 7
(central processing) unit

Matthew
    $1200 13
(Sam: What is Vietnam?)
(Amy: What is Laos?)

Cambodia

Amy!Sam
Triple Stumper
    $1200 18
The Satanic Verses

Matthew
    $1200 28
South Pacific

Triple Stumper
    $1200 25
The Big Lebowski

Sam
    $3,000 3
(Matthew: What is a university?)

a state prison

Matthew
    $1200 8
(California Pizza) Kitchen

Matthew
    $1600 14
Western Australia

Amy!
    $1600 19
Zorba

Triple Stumper
    $1600 27
Ohio

Sam
    $1600 24
Ron Burgundy

Matthew
    $1600 4
bibliothèque

Sam
    $1600 9
Chief Petty Officer

Triple Stumper
    $2000 15
the Irish Sea

Triple Stumper
    $2000 20
Milan Kundera

Triple Stumper
    $2000 26
poet laureate

Triple Stumper
    $2000 23
Betty Boop

Sam
    $2000 5
Oklahoma

Matthew
    $2000 10
underwriter

Triple Stumper

Scores at the end of the Double Jeopardy! Round:

Matthew Amy! Sam
$16,600 $5,600 $8,600

[wagering suggestions for these scores]

Final Jeopardy! Round responses

TONY NOMINATIONS
(Alex: I Can Get It For You Wholesale and Funny Girl.)
Amy!Who is Julie Andrews?
$3,100
SamWho is Midler???
$8,001
MatthewWho is Julie Andrews?
$600
Barbra Streisand

Final scores:

Matthew Amy! Sam
$16,000 $2,500 $599
2-day champion: $33,800 2nd place: $2,000 3rd place: $1,000

Game dynamics:

Coryat scores:

Matthew Amy! Sam
$17,400 $5,200 $8,600
24 R
(including 1 DD),
2 W
(including 1 DD)
13 R
(including 1 DD),
2 W
11 R,
3 W

Combined Coryat: $31,200

[game clues] [game scores] [suggest correction]

Game tape date: 2014-08-06
The J! Archive is created by fans, for fans. Scraping, republication, monetization, and malicious use prohibited; this site may use cookies and collect identifying information. See terms. The Jeopardy! game show and all elements thereof, including but not limited to copyright and trademark thereto, are the property of Jeopardy Productions, Inc. and are protected under law. This website is not affiliated with, sponsored by, or operated by Jeopardy Productions, Inc. Join the discussion at JBoard.tv.